Bakugan: GI Characters Quiz Stats

 Plays Quiz not verified by Sporcle

Score 0/19 Timer 05:00
0 Plays Today
Character % Correct
Dan
98.6%
Shun
91.2%
Marucho
89.3%
Fabia
80.5%
Ren
80%
Jake
74.4%
Sid
68.8%
Jesse
67%
Barodius
66%
Kazarina
66%
Character % Correct
Mason
64.7%
Gill
63.7%
Nurzak
62.8%
Lena
61.9%
Zenet
60.9%
Airzel
59.1%
Stoica
57.7%
Linus
44.7%
Queen Serena
33%

You're not logged in!

Compare scores with friends on all Sporcle quizzes.
OR
Log In

Show Comments

Extras

Created Nov 13, 2010ReportNominate
Tags:alien, bakugan, character, human, invader

Top Quizzes Today


Score Distribution

Your Account Isn't Verified!

In order to create a playlist on Sporcle, you need to verify the email address you used during registration. Go to your Sporcle Settings to finish the process.

Report this User

Report this user for behavior that violates our Community Guidelines.

Details: